00591 2200205 4500001002100000005001500021035002000036007000300056008004100059020001800100082001000118084001600128100001700144245007800161250001100239260005600250300003300306650003700339990000900376INLIS00000000001392820220728110513 a0010-0722001412ta220728 g 0 ind  a9789791248686 a341.7 a341.7 YUD u0 aYUDHA, pandu1 aUndang-undang kesehatan & undang-undang praktik kedokteran /cYudha Pandu acet. 1 aJakarta :bIndonesia legal center publishing,c2010 avii, 155 hlm ;c21 x 13,5 cm 4aPerundangan kesehatan masyarakat a4645